|
|
|
|
| LEADER |
01745nam a22004335i 4500 |
| 001 |
978-1-4020-3416-9 |
| 003 |
DE-He213 |
| 005 |
20151103123936.0 |
| 007 |
cr nn 008mamaa |
| 008 |
100301s2005 ne | s |||| 0|eng d |
| 020 |
|
|
|a 9781402034169
|9 978-1-4020-3416-9
|
| 024 |
7 |
|
|a 10.1007/1-4020-3416-4
|2 doi
|
| 040 |
|
|
|d GrThAP
|
| 050 |
|
4 |
|a QA641-670
|
| 072 |
|
7 |
|a PBMP
|2 bicssc
|
| 072 |
|
7 |
|a MAT012030
|2 bisacsh
|
| 082 |
0 |
4 |
|a 516.36
|2 23
|
| 100 |
1 |
|
|a Vassiliou, Efstathios.
|e author.
|
| 245 |
1 |
0 |
|a Geometry of Principal Sheaves
|h [electronic resource] /
|c by Efstathios Vassiliou ; edited by M. Hazewinkel.
|
| 264 |
|
1 |
|a Dordrecht :
|b Springer Netherlands,
|c 2005.
|
| 300 |
|
|
|a XVI, 444 p.
|b online resource.
|
| 336 |
|
|
|a text
|b txt
|2 rdacontent
|
| 337 |
|
|
|a computer
|b c
|2 rdamedia
|
| 338 |
|
|
|a online resource
|b cr
|2 rdacarrier
|
| 347 |
|
|
|a text file
|b PDF
|2 rda
|
| 490 |
1 |
|
|a Mathematics and Its Applications ;
|v 578
|
| 505 |
0 |
|
|a Sheaves and all that -- The category of differential triads -- Lie sheaves of groups -- Principal sheaves -- Vector and associated sheaves -- Connections on principal sheaves -- Connections on vector and associated sheaves -- Curvature -- Chern-Weil theory -- Applications and further examples.
|
| 650 |
|
0 |
|a Mathematics.
|
| 650 |
|
0 |
|a Differential geometry.
|
| 650 |
1 |
4 |
|a Mathematics.
|
| 650 |
2 |
4 |
|a Differential Geometry.
|
| 700 |
1 |
|
|a Hazewinkel, M.
|e editor.
|
| 710 |
2 |
|
|a SpringerLink (Online service)
|
| 773 |
0 |
|
|t Springer eBooks
|
| 776 |
0 |
8 |
|i Printed edition:
|z 9781402034152
|
| 830 |
|
0 |
|a Mathematics and Its Applications ;
|v 578
|
| 856 |
4 |
0 |
|u http://dx.doi.org/10.1007/1-4020-3416-4
|z Full Text via HEAL-Link
|
| 912 |
|
|
|a ZDB-2-SMA
|
| 950 |
|
|
|a Mathematics and Statistics (Springer-11649)
|